| 000 | 00425nam a22001697a 4500 | ||
|---|---|---|---|
| 003 | OSt | ||
| 005 | 20250508160714.0 | ||
| 008 | 250508b |||||||| |||| 00| 0 eng d | ||
| 020 | _a9780761954767 | ||
| 040 | _crda | ||
| 100 |
_aKeman, Hans., _eEditor |
||
| 245 |
_aComparative Democratic Politics _cBy Hans Keman |
||
| 260 |
_aNew Delhi _bSage _c2002 |
||
| 300 | _axix,326P | ||
| 650 | _2Politics | ||
| 942 |
_2CC _cGB _e1 _n0 |
||
| 999 |
_c1366135 _d1366135 |
||